Encyclopédie pratique de mécanique et d'électricité : électriques. tome III
Αποθηκεύτηκε σε:
| Μορφή: | Sách giấy |
|---|---|
| Έκδοση: |
Paris :
Librairie Aristide Quillet ,
1958
|
| Ετικέτες: |
Προσθήκη ετικέτας
Δεν υπάρχουν, Καταχωρήστε ετικέτα πρώτοι!
|
| Thư viện lưu trữ: | Thư viện Trường Đại học Đà Lạt |
|---|
| LEADER | 00577nam a2200241 4500 | ||
|---|---|---|---|
| 001 | DLU020017644 | ||
| 005 | ##4/9/2001 | ||
| 020 | # | # | |a 978- |
| 041 | # | # | |f re |
| 082 | # | # | |a 530.03 |b Enc |
| 245 | # | # | |a Encyclopédie pratique de mécanique et d'électricité : |b électriques. |n tome III |
| 260 | # | # | |a Paris : |b Librairie Aristide Quillet , |c 1958 |
| 300 | # | # | |a 1473 tr.; |c 28 cm. |
| 992 | # | # | |a 0 |
| 994 | # | # | |a DLU |
| 998 | # | # | |a TK |
| 900 | # | # | |a False |
| 911 | # | # | |a Administrator |
| 925 | # | # | |a G |
| 926 | # | # | |a A |
| 927 | # | # | |a SH |
| 980 | # | # | |a Thư viện Trường Đại học Đà Lạt |